| 000 | 00350nam a22001457a 4500 | ||
|---|---|---|---|
| 008 | 210308b ||||| |||| 00| 0 eng d | ||
| 020 | _a9780803608047 | ||
| 041 | _aeng | ||
| 080 |
_23third _a612.39 |
||
| 082 | _2612.39 | ||
| 100 | _a10 | ||
| 101 | _aNUT | ||
| 245 |
_aN utrion and Diet Therapy _cCarroll Lutz, Karen Przytulski |
||
| 942 |
_2udc _cBK |
||
| 999 |
_c55984 _d55984 |
||